Statistiques concernant Championnat Monde Handball 2021

Cliquez ici pour prendre le quiz!

Statistiques générales

  • Ce quiz a été pris 182 fois
  • Le résultat moyen est 22 sur 32

Statistiques - réponses

Réponse% Correct
France
100%
Espagne
97%
Danemark
94%
Norvège
94%
Suède
94%
Allemagne
92%
Brésil
90%
Russie (Equipe de la Fédération Russe)
86%
Japon
84%
Argentine
81%
Croatie
80%
Egypte
80%
Portugal
79%
Hongrie
75%
Pologne
73%
Maroc
71%
Algérie
68%
Islande
68%
Qatar
67%
Corée du Sud
66%
Slovénie
65%
Suisse
64%
Tunisie
63%
Autriche
59%
Macédoine du Nord
51%
Chili
49%
RD Congo
44%
Biélorussie
36%
Angola
32%
Bahreïn
29%
Uruguay
26%
Cap-Vert
17%

Distribution des résultats

Percentile par nombre de réponses

% des personnes avec chaque résultat

Votre développement - résultats

Vous n’avez pas pris ce quiz